[Event "FRA-chT2 West 0607"]
[Site "France"]
[Date "2007.04.01"]
[Round "11.5"]
[White "Leitner, Walter"]
[Black "Le Montagner, Yoann"]
[Result "1-0"]
[WhiteElo "2130"]
[BlackElo "2005"]
[PlyCount "69"]
[EventDate "2006.10.15"]
[EventType "team"]
[EventRounds "11"]
[EventCountry "FRA"]
[SourceTitle "EXT 2008"]
[Source "ChessBase"]
[SourceDate "2007.11.25"]
[SourceVersion "1"]
[SourceVersionDate "2007.11.25"]
[SourceQuality "1"]
[WhiteTeam "Gif sur Yvette"]
[BlackTeam "Rennes Paul Bert"]
[WhiteTeamCountry "FRA"]
[BlackTeamCountry "FRA"]

1. e4 c5 2. Nf3 d6 3. Bb5+ Nc6 4. d4 cxd4 5. Qxd4 Bd7 6. Bxc6 Bxc6 7. c4 Nf6 8. Nc3 g6 9. 0-0 Bg7 10. Re1 0-0 11. Qd3 Nd7 12. Be3 f5 13. Bd4 e5 14. Be3 Nf6 15. Bg5 h6 16. Bxf6 Rxf6 17. Nd5 Rf7 18. Rac1 b6 19. Red1 Qd7 20. b3 Raf8 21. Nd2 Kh7 22. f3 Bb7 23. Nb1 Qd8 24. Nbc3 Rg8 25. Ne3 f4 26. Nc2 Bf8 27. Nb4 a5 28. Nbd5 g5 29. Qe2 Bc8 30. Qf2 g4 31. fxg4 Bxg4 32. Rd3 Rfg7 33. Rc2 Qg5 34. Qxb6 Qh5 35. Nf6+ 1-0